Significant Regions of Indian Diaspora - Statistics

General Stats
  • This quiz has been taken 33 times
  • The average score is 22 of 30
Answer Stats
Overseas Indians Country % Correct
1,858,755 Canada
100%
5,160,203 United States
100%
1,927,150 United Kingdom
96%
127,014 Bangladesh
93%
301,000 Germany
93%
1,709,217 Pakistan
93%
812,000 Singapore
89%
842,323 Sri Lanka
89%
845,800 Australia
86%
2,012,600 Malaysia
86%
426,941 Nepal
86%
4,425,144 United Arab Emirates
86%
2,594,947 Saudi Arabia
82%
120,000 Indonesia
79%
162,492 Italy
79%
530,000 Thailand
79%
1,375,667 Oman
75%
702,013 Qatar
75%
326,658 Bahrain
71%
292,092 New Zealand
71%
2,019,600 Myanmar
68%
1,152,175 Kuwait
61%
1,697,506 South Africa
61%
315,873 Guyana
50%
894,500 Mauritius
50%
120,000 Philippines
50%
265,399 Netherlands
46%
148,443 Suriname
43%
315,198 Fiji
39%
468,524 Trinidad and Tobago
36%
No matching quizzes found
Score Distribution
Percent of People with Each Score
Percentile by Number Answered
Your Score History
You have not taken this quiz